Music Quiz

Random Music or Song Quiz

Lana Del Rey Songs Quiz Stats

 Plays Quiz not verified by Sporcle

Score 0/42 Timer 10:00
0 Plays Today
Song Length Song % Correct
2:39Blue Velvet
84.2%
3:23Once Upon A Dream
81.7%
3:56Young and Beautiful
69.2%
3:02The Other Woman
65.8%
6:39Cruel World
64.2%
5:52Brooklyn Baby
49.2%
5:42Shades of Cool
47.5%
4:09American
45%
4:51Ride
45%
5:18Sad Girl
45%
3:58Gods and Monsters
44.2%
4:45Born To Die
44.2%
4:26Cola
43.3%
3:30Blue Jeans
42.5%
3:58Bel Air
42.5%
5:21Yayo
42.5%
5:00Off to the Races
41.7%
3:32**** My Way Up To The Top
39.2%
3:35Radio
39.2%
3:53Body Electric
38.3%
4:09Carmen
38.3%
Song Length Song % Correct
4:31Old Money
36.7%
4:38Video Games
35%
4:11Ultraviolence
34.2%
3:43Diet Mountain Dew
33.3%
4:16West Coast
32.5%
5:15Black Beauty
30.8%
4:03Dark Paradise
30%
4:14Florida Kilos
30%
3:54Pretty When You Cry
29.2%
4:31Money Power Glory
28.6%
3:40Lolita
28.3%
3:52National Anthem
27.5%
3:50Burning Desire
26.7%
3:59This Is What Makes Us Girls
26.7%
4:26Summertime Sadness
26.7%
3:48Without You
25.8%
3:51Million Dollar Man
25.8%
4:31Guns and Roses
25.8%
3:48Lucky Ones
24.2%
3:45Is This Happiness
20.8%
3:25Queen Of Disaster
14.2%

You're not logged in!

Compare scores with friends on all Sporcle quizzes.
OR
Log In

Sporcle TV

Today on Sporcle TV


Watch our educational content, quiz creation guides, and fun videos on Sporcle TV.

Show Comments

Extras

Created Dec 17, 2014ReportNominate
Tags:Lyrics Quiz, Song Quiz, Top Songs

Top Quizzes Today


Score Distribution

Your Account Isn't Verified!

In order to create a playlist on Sporcle, you need to verify the email address you used during registration. Go to your Sporcle Settings to finish the process.

Report this User

Report this user for behavior that violates our Community Guidelines.

Details: